000
00295nam a2200109Ia 4500
008
230907s9999||||xx |||||||||||||| ||und||
082
_a
333.794,REN
245
0
_a
Renewable energy in the service of mankind Vol II/
260
_a
Springer
_b
New York
_c
2016
300
_a
xxix, 999 p.:
942
_c
BK
999
_c
597528
_d
597528